02257nam a22004337a 4500008004100000020001800041082001500059100001700074245005600091260005300147300003300200505105400233650003801287650001701325700001901342700002101361700001801382700002001400700002101420700002201441700001801463700001901481700001801500700002301518700001901541700002101560700001701581700002701598700002001625700001701645700001801662700002501680700001801705700002401723700001901747700002101766700001901787700001701806150831b xxu||||| |||| 00| 0 eng d a9783956790478 a708bH249w aHansen, Tone aWe are living on a starcTone Hansen; Marit Paasche a[Berlín]bHenie Onstad Kunstsenter (HOK)c2014 a191 p. bill. (col.)c26 cm. tForeword /Tone Hansen -We are living on a star / Marit Paasche - Javier Téllez - Jumana Manna - Nothing is more radical tan the facts / Jumana Manna - Eline McGeorge - Excerpt from Aniara: A review of man in time and space / Harry Martinson - Else Marie Hagen - Doug Ashford - Violent words / Renata Salecl - Ahlam Shibli - Lotte Konow Lund - In a Taxi, people really say what they mean / Thomas Keenan - Martin Braathen, Marius Engh, Even Smith Wergeland, and Superunion Architects - Echo Chamber. A meeting place for bootleggers, pimps, homosexuals, and others / Martin Braathen - Arne Garborgs Plass: Contemporary ruin with spatial neuroses / Even Smith Wergeland - Eva Rothschild - Dare to Betray! / Boris Buden - Burak Arikan - Silje Linge Haaland - Julian Blaue - A parallel history and three questions / Julian Blaue - Marthe Ramm Fortun - The prewar city / Marthe Ramm Fortun - Per-Oskar Leu - The decay of snobbery: Russian art and society before and beyond the end of the welfare state / Ekaterina Degot - Hannah Ryggen - Hanne Friis .-  aArte modernovExhibicioneszS. 21 aArte moderno aPaasche, Marit aTéllez, Javier aManna, Jumana aMcGeorge, Eline aMartinson, Harry aHagen, Else Marie aAshford, Doug aSalecl, Renata aShibli, Ahlam aKonow Lund, Lotte  aKeenan, Thomas aBraathen, Martin aEngh, Marius aSmith Wergeland, Even  aRothschild, Eva aBuden, Boris aArikan, Burak aLinge Haaland, Silje aBlaue, Julian aRamm Fortun, Marthe aLeu, Per-Oskar aDegot, Ekaterina aRyggen, Hannah aFriis, Hanne